| 000 | 00510nam a2200217Ia 4500 | ||
|---|---|---|---|
| 003 | OSt | ||
| 005 | 20220616110331.0 | ||
| 008 | 210423s2011 xx 000 0 und d | ||
| 020 | _a9788122424089 | ||
| 040 | _cAL | ||
| 041 | _aeng | ||
| 082 | _a541.28 PRAR | ||
| 100 |
_aPRASAD (R K). _943273 |
||
| 245 | _aQuantum chemistry. | ||
| 250 | _a4 | ||
| 260 |
_aNew Delhi _bNew Age International _c2011 |
||
| 300 |
_axx,566 _bPB |
||
| 365 |
_b295 _cINR |
||
| 906 | _achemistry. ; Quantum | ||
| 942 |
_2ddc _cBK |
||
| 999 |
_c154867 _d154867 |
||